00801nam a2200217Ia 4500001001100000003000500011008004100016010001100057020003000068040000900098082002200107100002400129245011800153250000700271260004600278300001100324500014400335650002800479700003400507700004200541Para_10491CHAP220125s2013 xx 000 0 und d a209187 a978 - 607 - 32 - 1980 - 8 cCHAP aPA 658.3 R63 2013 aRobbins, Stephen P. aComportamiento organizacional /c Stephen P. Robbins, Timothy A. Judge; traducción Leticia Esther Pineda Ayala a15 aMéxico :b Always Learning :b Person a676 p. aIncluye referencias bibliográficas e índice \ Cada capítulo incluye investigaciones globales acerca del comportamiento organizacional aConducta organizacional aI. Judge, Timothy A., Coaut.  aII. Pineda Ayala, Leticia Esther, tr.